Las princesas siempre andan bien peinadas / (Record no. 154478)

MARC details
000 -CABECERA
campo de control de longitud fija 00581nam a2200205 u 4500
005 - FECHA Y HORA DE LA ÚLTIMA TRANSACCIÓN
campo de control 20230623063603.0
008 - ELEMENTOS DE LONGITUD FIJA--INFORMACIÓN GENERAL
campo de control de longitud fija 111031s2002 mx r 000 0 spa d
020 ## - NÚMERO INTERNACIONAL NORMALIZADO PARA LIBROS
Número Internacional Estándar del Libro 9706883444
035 ## - NÚMERO DE CONTROL DEL SISTEMA
Número de control de sistema UPN01000182375
049 ## - COLECCIÓN
Colección I
050 #4 - SIGNATURA TOPOGRÁFICA DE LA BIBLIOTECA DEL CONGRESO
Número de clasificación PQ7298.12 R7
Número de documento/Ítem P7.5 2002
100 1# - ASIENTO PRINCIPAL--NOMBRE PERSONAL
Nombre de persona Brozon, M. B.,
Fechas asociadas al nombre 1970-
9 (RLIN) 31044
245 14 - MENCIÓN DE TÍTULO
Título Las princesas siempre andan bien peinadas /
Mención de responsabilidad, etc. M. B. Brozon.
250 ## - MENCIÓN DE EDICIÓN
Mención de edición 2a ed.
260 ## - PUBLICACIÓN, DISTRIBUCIÓN, ETC.
Lugar de publicación, distribución, etc. México :
Nombre del editor, distribuidor, etc. SM,
Fecha de publicación, distribución, etc. 2002.
300 ## - DESCRIPCIÓN FÍSICA
Extensión 134 p. :
Otras características físicas il.
440 #3 - MENCIÓN DE SERIE/ASIENTO SECUNDARIO--TÍTULO
Título El barco de vapor ;
Designación de volumen o secuencia 8
650 #4 - ASIENTO SECUNDARIO DE MATERIA - TERMINO TEMATICO
Término de materia o nombre geográfico como elemento de entrada Cuentos infantiles mexicanos
9 (RLIN) 7723
905 ## - TIPO DE MATERIAL
Tipo de material Infantil
Holdings
Estado de retiro Estado de pérdida Fuente del sistema de clasificación o colocación Estado dañado No para préstamo Código de colección Localización permanente Ubicación/localización actual Ubicación en estantería Total de préstamos Clasificación Código de barras Fecha visto por última vez Número de copia Tipo de ítem Koha
    Library of Congress Classification     Infantil Bib. Gregorio Torres Quintero Bib. Gregorio Torres Quintero Sala infantil Planta baja 2 PQ7298.12 R7 P7.5 2002 280087 31/12/2020 1 Libro